000 00756nam a2200181Ia 4500
008 090124s9999 xx 000 0 und d
082 _b131370
100 _aप्रभावळकर दिलीप
245 _a श्रीयुक्त गंगाधर टिपरे अर्थात अनुदिनी
250 _a2
260 _c2003
300 _a163
600 _aप्रभावळकर दिलीप
630 _a श्रीयुक्त गंगाधर टिपरे अर्थात अनुदिनी
700 _aप्रभावळकर दिलीप
730 _a श्रीयुक्त गंगाधर टिपरे अर्थात अनुदिनी
942 _cBOOK
999 _c177459
_d177459